| 000 -LEADER |
| fixed length control field |
00948pam a2200253 a 4500 |
| 001 - CONTROL NUMBER |
| control field |
1950078 |
| 005 - DATE AND TIME OF LATEST TRANSACTION |
| control field |
20221107163524.0 |
| 008 - FIXED-LENGTH DATA ELEMENTS--GENERAL INFORMATION |
| fixed length control field |
870731s1988 nyua b 001 0 eng c |
| 010 ## - LIBRARY OF CONGRESS CONTROL NUMBER |
| LC control number |
87022059 |
| 020 ## - INTERNATIONAL STANDARD BOOK NUMBER |
| International Standard Book Number |
0023671300 X |
| 082 00 - DEWEY DECIMAL CLASSIFICATION NUMBER |
| Classification number |
618.9 |
| Edition number |
19 |
| 100 1# - MAIN ENTRY--PERSONAL NAME |
| Personal name |
Lahey, Margaret. |
| 9 (RLIN) |
1048 |
| 245 10 - TITLE STATEMENT |
| Title |
Language disorders and language development / |
| Statement of responsibility, etc. |
Margaret Lahey. |
| 260 ## - PUBLICATION, DISTRIBUTION, ETC. |
| Place of publication, distribution, etc. |
New York : |
| Name of publisher, distributor, etc. |
Macmillan ; |
| Place of publication, distribution, etc. |
London : |
| Name of publisher, distributor, etc. |
Collier Macmillan, |
| Date of publication, distribution, etc. |
c1988. |
| 300 ## - PHYSICAL DESCRIPTION |
| Extent |
xv, 535 p. : |
| Other physical details |
ill. ; |
| Dimensions |
27 cm. |
| 650 #0 - SUBJECT ADDED ENTRY--TOPICAL TERM |
| Topical term or geographic name entry element |
Language disorders in children. |
| 9 (RLIN) |
1049 |
| 650 #0 - SUBJECT ADDED ENTRY--TOPICAL TERM |
| Topical term or geographic name entry element |
Children |
| General subdivision |
Language. |
| 9 (RLIN) |
588 |
| 650 #2 - SUBJECT ADDED ENTRY--TOPICAL TERM |
| Topical term or geographic name entry element |
Language Development. |
| 9 (RLIN) |
1050 |
| 650 #2 - SUBJECT ADDED ENTRY--TOPICAL TERM |
| Topical term or geographic name entry element |
Language Disorders |
| General subdivision |
in infancy & childhood. |
| 9 (RLIN) |
1051 |
| 653 ## - INDEX TERM--UNCONTROLLED |
| keyword |
ენის დარღვევები და ენის განვითარება |
| 653 ## - INDEX TERM--UNCONTROLLED |
| keyword |
მედიცინა |
| 700 1# - ADDED ENTRY--PERSONAL NAME |
| Personal name |
Bloom, Lois. |
| Title of a work |
Language development and language disorders. |
| 9 (RLIN) |
1052 |
| 942 ## - ADDED ENTRY ELEMENTS (KOHA) |
| Source of classification or shelving scheme |
|
| Koha item type |
წიგნი |